00968cam a2200277 a 450000100060000000300080000600500170001400800410003103500130007203500370008504000330012204100080015508200200016310000490018324500680023226000460030030000240034649000300037050400280040060000580042870000250048674000190051194200120053099900170054295201310055921326BD-RjUL20211209000655.0140303s1965 enk b 000 1 eng  a66-00385 a(OCoLC)863382461a(BD-RjUL)21390 aCU-ScDZMdm.cdBD-RjULbeng aeng04a821.7bCOC 19651 aColeridge, Samuel Taylor,d1772-1834.96593210aColeridge :bselected poems /cChosen and edited by John Colmer aOxford University Press :bLondon,c1965. av, 218 p. ;c19 cm.0 aNew Oxford English series aBibliogaphy: p. [50]-511 a Coleridge, Samuel Taylor, -- 1772-1834.9659391 aColmer, John.9659340 aSelected poems 2ddccBK c21326d21326 00102ddc4070aRUCLbRUCLcStackd1967-09-04eZeitlingerg10.60l0o821.7 COC 1965r2014-03-04 00:00:00tC-4w2014-03-04yBK